Perkongsian dan pengongsian untung dalam hukum Islam

Bibliographic Details
Main Author: Muhammad Nejatullah Siddiqi
Other Authors: Salmi Bahrom
Format: Book
Published: K.L. : DBP , 1991
Subjects:

MARC

LEADER 00000cam a2200000 7i4500
001 0000004073
002 000004384
005 20000330.0
020 |a 983621528X 
090 0 0 |a 331.2164   |b MUH 
100 0 |a Muhammad Nejatullah Siddiqi 
245 1 0 |a Perkongsian dan pengongsian untung dalam hukum Islam   |c Muhammad Nejatullah Siddiqi ; diterjemahkan oleh Salmi Bahrom 
260 |a K.L. :   |b DBP ,   |c 1991 
300 |a 110p. ;   |c 22cm. 
650 0 0 |a Economic   |x Religious aspects   |x Islam 
650 0 0 |a Incentives in industry 
700 0 |a Salmi Bahrom 
999 |a 033399   |b BUKU   |c PINJAMAN   |e PERPUSTAKAAN KOMUNITI PETALING JAYA 
999 |a 035374   |b BUKU   |c PINJAMAN   |e PERPUSTAKAAN KOMUNITI PETALING JAYA 
999 |a 042161   |b BUKU   |c PINJAMAN   |e PERPUSTAKAAN KOMUNITI PETALING JAYA